Online
Catalog

Urbain Devaux y el alba de Palo Hincado / (Record no. 16669)

MARC details
000 -CABECERA
campo de control de longitud fija 02142nam a2200349 a 4500
001 - NÚMERO DE CONTROL
campo de control 000017143
003 - IDENTIFICADOR DEL NÚMERO DE CONTROL
campo de control DO-SdBNP
005 - FECHA Y HORA DE LA ÚLTIMA TRANSACCIÓN
campo de control 20240409204118.0
008 - DATOS DE LONGITUD FIJA--INFORMACIÓN GENERAL
campo de control de longitud fija 100318s2005 dr 000 0 spa d
020 ## - NÚMERO INTERNACIONAL ESTÁNDAR DEL LIBRO
Número Internacional Estándar del Libro 9993449369
040 ## - FUENTE DE LA CATALOGACIÓN
Centro catalogador/agencia de origen DO-SdBNP
Lengua de catalogación spa
Centro/agencia transcriptor BNPHU
049 ## - FONDOS LOCALES (OCLC)
Fondos de biblioteca BNPD
082 #4 - NÚMERO DE LA CLASIFICACIÓN DECIMAL DEWEY
Número de clasificación 972.9304
Número de documento/Ítem D542u
Número de edición 22
100 1# - ENTRADA PRINCIPAL--NOMBRE DE PERSONA
Nombre de persona Díaz Bidó, Guillermo
9 (RLIN) 2807
245 10 - MENCIÓN DE TÍTULO
Título Urbain Devaux y el alba de Palo Hincado /
Mención de responsabilidad, etc. Guillermo Díaz Bidó, César Cuevas Pérez.
260 ## - PUBLICACIÓN, DISTRIBUCIÓN, ETC.
Lugar de publicación, distribución, etc. Santo Domingo :
Nombre del editor, distribuidor, etc. Editora Nacional,
Fecha de publicación, distribución, etc. 2005.
300 ## - DESCRIPCIÓN FÍSICA
Extensión 181 p. ;
Dimensiones 23 cm.
490 1# - MENCIÓN DE SERIE
Mención de serie Colección Premios Nacionales
500 ## - NOTA GENERAL
Nota general Incluye datos biográficos de los autores en las solapas
504 ## - NOTA DE BIBLIOGRAFÍA, ETC.
Nota de bibliografía, etc. Bibliografía : p. 179-181.
505 0# - NOTA DE CONTENIDO CON FORMATO
Información miscelánea Preámbulo --
-- Introducción --
Título ¿De Palo Hincado? ¿Que fue Palo Hincado?
-- Urbain Devaux llega a la expedición armada de Saint-Domingue --
-- El ayudante comandante Devaux entra en acción --
-- Tropas armadas del estado de Haití, operan en la parte de habla española --
-- General Devaux se enfrenta a tropas del Estado haitiano --
-- El general Devaux se instala en Santiago de los Caballeros --
-- La iglesia católica en la época de monseñor Guillaume Mauviel --
-- Insurrección de las milicias nacionales contra las tropas francesas en Santiago de los Caballeros --
-- El general Devaux abandona a Santiago: regreso a Francia --
-- Consideraciones de los autores --
Información miscelánea Anexos --
-- Bibliografía.
586 ## - NOTA DE PREMIOS
Nota de premios Premio anual de historia José Gabriel García, modalidad ensayo de investigación e interpretación, 2005.
600 14 - PUNTO DE ACCESO ADICIONAL DE MATERIA--NOMBRE DE PERSONA
Nombre de persona Devaux, Marie-Jean-Baptiste,
Numeración 1767-1830
9 (RLIN) 37753
651 #0 - PUNTO DE ACCESO ADICIONAL DE MATERIA--NOMBRE GEOGRÁFICO
Nombre geográfico República Dominicana --
Subdivisión general Historia --
-- Gobierno colonial francés --
Subdivisión cronológica 1795-1809
9 (RLIN) 37754
651 #0 - PUNTO DE ACCESO ADICIONAL DE MATERIA--NOMBRE GEOGRÁFICO
Nombre geográfico República Dominicana --
Subdivisión general Historia --
Subdivisión cronológica Hasta, 1844
9 (RLIN) 138
651 #4 - PUNTO DE ACCESO ADICIONAL DE MATERIA--NOMBRE GEOGRÁFICO
Nombre geográfico República Dominicana
Subdivisión general Historia
Subdivisión cronológica Ocupación Haitiana, 1822-1844
9 (RLIN) 7666
651 #4 - PUNTO DE ACCESO ADICIONAL DE MATERIA--NOMBRE GEOGRÁFICO
Nombre geográfico Hato Mayor (República Domincana)
Subdivisión general Historia,
Subdivisión cronológica 1808
9 (RLIN) 37755
700 1# - PUNTO DE ACCESO ADICIONAL--NOMBRE DE PERSONA
Nombre de persona Cuevas Pérez, César
9 (RLIN) 2803
830 #0 - PUNTO DE ACCESO ADICIONAL DE SERIE-TÍTULO UNIFORME
Título uniforme Colección Premios Nacionales
9 (RLIN) 37756
910 ## - DATOS DE OPCIÓN DEL USUARIO (OCLC)
Datos de opción del usuario Validado. Control de calidad EMS
942 ## - ELEMENTOS DE PUNTO DE ACCESO ADICIONAL (KOHA)
Fuente del sistema de clasificación o colocación Dewey Decimal Classification
Tipo de ítem Koha Libro
Holdings
Estado de retiro Estado de pérdida Restricciones de uso No para préstamo Código de colección Localización permanente Ubicación/localización actual Ubicación en estantería Fecha de adquisición Número de inventario Total de préstamos Signatura topográfica completa Código de barras Fecha visto por última vez Número de copia Precio válido a partir de Tipo de ítem Koha
        Dominicana de Servicio General General Depósito 18.03.2010 LF1   972.9304 D542u 17143-30 25.06.2020 e. 3 25.06.2020 Libro y Folleto Colección Dominicana de Servicio
        Dominicana de Servicio General General Depósito 19.10.2010 LF1   972.9304 D542u 17143-40 25.06.2020 e. 4 25.06.2020 Libro y Folleto Colección Dominicana de Servicio
        Dominicana de Servicio General General Depósito 19.10.2010 LF1   972.9304 D542u 17143-50 25.06.2020 e. 5 25.06.2020 Libro y Folleto Colección Dominicana de Servicio
      Excluido de préstamo Patrimonio Dominicano Patrimonio Dominicano Patrimonio Dominicano Depósito 18.03.2010 LF1   972.9304 D542u 17143-10 25.06.2020   25.06.2020 Libro y Folleto Colección Patrimonio Dominicano
      Excluido de préstamo Patrimonio Dominicano Patrimonio Dominicano Patrimonio Dominicano Depósito 18.03.2010 LF1   972.9304 D542u 17143-20 25.06.2020 e. 2 25.06.2020 Libro y Folleto Colección Patrimonio Dominicano

Powered by Koha